| 000 | 00338nam a2200133Ia 4500 | ||
|---|---|---|---|
| 008 | 191201s2008 xx 000 0 und d | ||
| 082 |
_a624.17 _bREI |
||
| 100 | _aREDDY,JN | ||
| 245 | 0 | _aAn Introduction to Nonlinear Finite Element Analysis | |
| 260 |
_aN. Delhi _bOxford _c2008 |
||
| 300 | _a463 | ||
| 650 | _aB.Tech(CE) | ||
| 942 |
_2ddc _cBK |
||
| 999 |
_c5690 _d5690 |
||